100 Largest Islands of Europe - Statistics

General Stats
  • This quiz has been taken 1,731 times
    909 since last reset
  • The average score is 24 of 100
Answers on the Map
Answers color-coded by a green-red scale on the quiz's map according to % correct below.
 
Answer Stats
Area (km²) Answer % Correct
101,826 Iceland
95%
25,711 Sicily
95%
209,331 Great Britain
92%
84,421 Ireland
92%
23,949 Sardinia
92%
8,350 Crete
91%
8,741 Corsica
90%
572 Isle of Man
84%
3,667 Mallorca
81%
572 Ibiza
73%
696 Menorca
72%
7,031 Zealand
69%
2,994 Gotland
64%
384 Isle of Wight
61%
373 Streymoy
61%
685 Fasta Åland
57%
611 Corfu
52%
1,659 Skye
45%
3,707 Euboea
39%
406 Krk
39%
2,086 Lewis and Harris
38%
714 Anglesey
35%
588 Bornholm
35%
38,981 Spitsbergen
33%
1,347 Öland
32%
2,672 Saaremaa
32%
2,985 Funen
30%
377 Jan Mayen
30%
430 Naxos
29%
406 Zakynthos
29%
787 Kefalonia
28%
926 Rügen
27%
523 Mainland (Orkney)
23%
970 Mainland (Shetland)
23%
1,031 Hiiumaa
22%
875 Isle of Mull
22%
432 Isle of Arran
20%
1,243 Lolland
20%
620 Islay
19%
47,079 Severny Island
19%
336 | 737 Kvaløya
17%
4,685 North Jutlandic Island
17%
445 Usedom
17%
489 Andøya
16%
406 Cres
16%
970 Flevopolder
16%
33,246 Yuzhny Island
16%
478 Lemnos
15%
380 Thasos
15%
396 Brač
13%
14,467 Nordaustlandet
13%
380 Andros
12%
367 Jura
12%
486 Falster
11%
5,073 Edgeøya
10%
745 São Miguel Island
9%
2,198 Hinnøya
8%
850 Langøya
8%
1,288 Barentsøya
7%
368 Mors
7%
445 Pico Island
7%
1,590 Senja
7%
400 Terceira Island
7%
572 Hitra
6%
346 Orust
6%
811 Sørøya
6%
4,968 Kolguyev Island
5%
436 Magerøya
5%
1,207 Södertörn
5%
527 Austvågøy
4%
1,049 Hall Island
4%
524 Kimitoön
4%
682 Kvitøya
4%
663 Ringvassøya
4%
583 Seiland
4%
411 Vestvågøya
4%
1,885 Žitný Ostrov
4%
1,095 Alexandra Land
3%
1,557 Graham Bell Island
3%
460 Hooker Island
3%
510 Jackson Island
3%
960 Salisbury Island
3%
1,635 Soisalo
3%
3,329 Vaygach Island
3%
2,203 Wilczek Land
3%
2,821 Zemlya Georga
3%
448 Ziegler Island
3%
1,453 Camargue
2%
374 Champ Island
2%
329 Karl-Alexander Island
2%
478 La Ronciere Island
2%
371 Luigi Island
2%
612 McClintock Island
2%
615 Prins Karls Forland
2%
344 Salm Island
2%
720 Great Brăila Island
1%
375 Szigetköz
1%
2,002 Krasnoslobodsk
0%
1,480 Letea Island
0%
No matching quizzes found
Score Distribution
Percent of People with Each Score
Percentile by Number Answered
Your Score History
You have not taken this quiz since the last reset